Tài liệu chuyên vật lí : Bài tập Vật lí 10
Trình bày hệ thống bài tập bám sát nội dung hai cuốn sách lý thuyết tài liệu chuyên sâu vật lý 10 - vật lý 10 tập 1, 2
Đã lưu trong:
| Tác giả chính: | |
|---|---|
| Định dạng: | Sách |
| Ngôn ngữ: | Undetermined |
| Được phát hành: |
Hà Nội
Giáo dục Việt Nam
2014
|
| Những chủ đề: | |
| Các nhãn: |
Thêm thẻ
Không có thẻ, Là người đầu tiên thẻ bản ghi này!
|
| Thư viện lưu trữ: | Trung tâm Học liệu Trường Đại học Cần Thơ |
|---|
| LEADER | 00913nam a2200229Ia 4500 | ||
|---|---|---|---|
| 001 | CTU_197206 | ||
| 008 | 210402s9999 xx 000 0 und d | ||
| 020 | |c 38000 | ||
| 082 | |a 530.076 | ||
| 082 | |b Gi106 | ||
| 100 | |a Tô, Giang | ||
| 245 | 0 | |a Tài liệu chuyên vật lí : | |
| 245 | 0 | |b Bài tập Vật lí 10 | |
| 245 | 0 | |c Tô Giang, Đặng Đình Tới, Bùi Trọng Tuân | |
| 260 | |a Hà Nội | ||
| 260 | |b Giáo dục Việt Nam | ||
| 260 | |c 2014 | ||
| 520 | |a Trình bày hệ thống bài tập bám sát nội dung hai cuốn sách lý thuyết tài liệu chuyên sâu vật lý 10 - vật lý 10 tập 1, 2 | ||
| 650 | |a Physics,Vật lý | ||
| 650 | |x Study and teaching (Sacondary),Học và giảng dạy (trung học phổ thông) | ||
| 904 | |i Nguyên | ||
| 980 | |a Trung tâm Học liệu Trường Đại học Cần Thơ | ||